000 00512nmm a2200169Ia 4500
008 251105s9999||||xx |||||||||||||||||und||
020 _a9788491345619
041 _aspa
100 _aDurán Heras, María Ángeles
245 0 _aLa riqueza invisible del cuidado
264 _a[Madrid, España] :
_bPublicaciones de la Universidad de Valencia (PUV),
_c2018
300 _a524 páginas
490 _aHonoris causa
650 _aFamily
856 _uhttps://public.digitaliapublishing.com/a/62577
942 _cCF
999 _c88544
_d88544